| 000 -ლიდერი |
| ფიქსირებული სიგრძის საკონტროლო ველი |
01490nam a22002057a 4500 |
| 003 - საკონტროლო ნომრის იდენტიფიკატორი |
| საკონტროლო ველი |
Ge_BSU |
| 005 - ბოლო ოპერაციის თარიღი და დრო |
| საკონტროლო ველი |
20221012111350.0 |
| 008 - ფიქსირებული სიგრძის მონაცემთა ელემენტები - ზოგადი ინფორმაცია |
| ფიქსირებული სიგრძის საკონტროლო ველი |
221012s2014 ge ||||| |||| 00| 0 geo d |
| 041 ## - ენის კოდი |
| Language code of text/sound track or separate title |
geo |
| 080 ## - უნივერსალური ათობითი კლასიფიკაციის ინდექსი |
| Universal Decimal Classification number |
908(73)(063) ს-12 |
| 245 ## - ცნობა სათაურის შესახებ |
| Title |
საერთაშორისო კონფერენცია ამერიკისმცოდნეობაში VII : |
| Remainder of title |
ენა, ლიტერატურა, კულტურა, ხელოვნება, ფილოსოფია, თარგმანი, ქართულ-ამერიკული ურთიერთობები, პოლიტიკა, ისტორია, ეკონომიკა, განათლება და საზოგადოება / |
| Statement of responsibility, etc |
მთ. რედ. ირაკლი ცხვედიანი. |
| 264 ## - წარმოების, გამოცემის, დისტრიბუციის და სხვა ცნობები |
| გამოცემის, წარმოების, დისტრიბუციის... ადგილი |
ქუთაისი |
| გამოცემის, წარმოების, დისტრიბუციის... სახელწოდება |
აკ. წერეთლის სახელმწ. უნ-ტის გამ-ბა და სტ., |
| გამოცემის, წარმოების, დისტრიბუციის... თარიღი |
2014. |
| 300 ## - ფიზიკური აღწერა |
| Extent |
456 გვ. ; |
| Other physical details |
20 სმ. |
| 504 ## - BIBLIOGRAPHY, ETC. NOTE |
| Bibliography, etc |
ბიბლიოგრ. მოხსენებების ბოლოს. |
| 520 ## - SUMMARY, ETC. |
| Summary, etc |
მოხსენებების ნაწილი და რეზიუმე ინგლ. ენაზე. |
| 653 ## - INDEX TERM--UNCONTROLLED |
| Uncontrolled term |
ამერიკათმცოდნეობა |
| 653 ## - INDEX TERM--UNCONTROLLED |
| Uncontrolled term |
კონფერენციები |
| 700 ## - ADDED ENTRY--PERSONAL NAME |
| Personal name |
ცხვედიანი, ირაკლი |
| Relator term |
რედაქტორი |
| 9 (RLIN) |
15259 |
| 942 ## - ADDED ENTRY ELEMENTS (KOHA) |
| Source of classification or shelving scheme |
|
| Koha item type |
წიგნი |